01301nam a22003137a 4500003000500000005001700005008004100022010001000063011001000073035001000083040000900093082001700102110005500119245015600174260011400330300001500444590004100459590004100500590004100541590004200582650005000624650004800674650002800722901000700750942001000757949006600767999001700833952013700850CHAP20220329134912.0971013s1964 r 00010 d a27783 a28755 a32864 cCHAP a338.91bC65o aConsejo Interamericano Económico y Social927289 aOrganismos de planificación y planes de desarrollo en la América Latina. Planificación del desarrollo económico y social en la América Latina aWashington :bInstituto de Desarrollo Económico. Banco Internacional de Reconstrucción y Fomento,c(1964) a119, 40 p. aBATCH-UPDb10c20130110lUCH01h1259 aBATCH-UPDb10c20130410lUCH01h0818 aBATCH-UPDb10c20130914lUCH01h1916 aCONVERSIONb10c20130109lUCH01h131614aAmerica LatinaxCondiciones economicas.9539014aAmerica LatinaxCondiciones sociales.9539514aPlanificación.988736 aBK cLIBRO a338.91 C65obBCcLIBROd33724000832036eLIBROh6574i32864sb c27783d27783 00102ddc4052708GRALaBCbBCcPA_GRALd2019-12-31fLIBROl0o338.91 C65op33724000832036r2019-12-31 00:00:00w2019-12-31yLIBRO